Vista normal
Vista MARC
Entrada Materia (personas)
Número de registros utilizados en: 2
001 - CONTROL NUMBER
- control field: 69902
003 - CONTROL NUMBER IDENTIFIER
- control field: Co-BoUCM
005 - DATE AND TIME OF LATEST TRANSACTION
- control field: 20150708130040.0
008 - FIXED-LENGTH DATA ELEMENTS
- fixed length control field: 150708|| aca||aabn | a|a d
040 ## - CATALOGING SOURCE
- Original cataloging agency: Co-BoUCM
- Transcribing agency: Co-BoUCM
100 ## - HEADING--PERSONAL NAME
- Personal name: Pamuk, Orhan
670 ## - SOURCE DATA FOUND
- Source citation: Work cat.: (Co-BoUCM)300121: Pamuk, Orhan, El novelista ingenuo y el sentimental, 2012